|
|
|
|
| LEADER |
00720cam a2200193 7i4500 |
| 001 |
0000021541 |
| 005 |
20221025090000.0 |
| 008 |
081124 eng |
| 020 |
|
|
|a 9780470046081 ( hbk.)
|
| 090 |
0 |
0 |
|a R853.C55
|b M34 2008
|
| 100 |
1 |
|
|a McFadden, Eleanor
|
| 245 |
1 |
0 |
|a Management of data in clinical trials
|c Eleanor McFadden.
|
| 250 |
|
|
|a 2nd ed.
|
| 260 |
|
|
|a Hoboken, New Jersey:
|b John Wiley & Sons, Inc.,
|c 2008.
|
| 300 |
|
|
|a 190 p.;
|c 24 cm.
|
| 504 |
|
|
|a Includes bibliographical references and index
|
| 650 |
0 |
0 |
|a Clinical trials --
|x Data processing
|
| 997 |
|
|
|a Engineering & Life Sciences, Faculty
|b Science & Biotechnology, Department
|
| 999 |
|
|
|a 0000032346
|b BOK
|c OPEN SHELF
|e 2nd Floor, Bestari Jaya
|